A book of English essays (1600-1900) / (Record no. 21274)
[ view plain ]
| 000 -LEADER | |
|---|---|
| fixed length control field | 00869mam a2200277 4500 |
| 001 - CONTROL NUMBER | |
| control field | 21274 |
| 003 - CONTROL NUMBER IDENTIFIER | |
| rucl marc code | BD-RjUL |
| 005 - DATE AND TIME OF LATEST TRANSACTION | |
| control field | 20211209000652.0 |
| 008 - FIXED-LENGTH DATA ELEMENTS--GENERAL INFORMATION | |
| fixed length control field | 140304r19521912enk 000 0 eng d |
| 035 ## - SYSTEM CONTROL NUMBER | |
| System control number | (OCoLC)ocm01106860 |
| System control number | (BD-RjUL)21338 |
| System control number | (NNC)2111142 |
| 040 ## - CATALOGING SOURCE | |
| Original cataloging agency | OUN |
| Transcribing agency | OUN |
| Language of cataloging | eng |
| Modifying agency | BD-RjUL |
| 041 ## - LANGUAGE CODE | |
| Language code of text/sound track or separate title | eng |
| 082 ## - DEWEY DECIMAL CLASSIFICATION NUMBER | |
| Classification number | 824 |
| Author mark and year | BOO 1952 |
| 245 12 - TITLE STATEMENT | |
| Title | A book of English essays (1600-1900) / |
| Statement of responsibility, etc. | selected by Stanley V. Makower and Basil H. Blackwell. |
| 260 ## - PUBLICATION, DISTRIBUTION, ETC. (IMPRINT) | |
| Place of publication, distribution, etc. | London ; |
| -- | New York : |
| Name of publisher, distributor, etc. | Oxford university press |
| Date of publication, distribution, etc. | 1912 [reprinted 1952] |
| 300 ## - PHYSICAL DESCRIPTION | |
| Pagination | xii, 440 p. : |
| Size | 15 cm. |
| 490 1# - SERIES STATEMENT | |
| Series statement | The World's classics, |
| 650 #0 - SUBJECT ADDED ENTRY--TOPICAL TERM | |
| Topical term or geographic name as entry element | English essays. |
| 9 (RLIN) | 65773 |
| 700 1# - ADDED ENTRY--PERSONAL NAME | |
| Personal name | Blackwell, Basil, |
| Dates associated with a name | 1889-1984, |
| Relator term | editor. |
| 830 #0 - SERIES ADDED ENTRY--UNIFORM TITLE | |
| Volume number/sequential designation | 172. |
| 830 #0 - SERIES ADDED ENTRY--UNIFORM TITLE | |
| Uniform title | World's classics ; |
| 942 ## - ADDED ENTRY ELEMENTS (KOHA) | |
| Source of classification or shelving scheme | Dewey Decimal Classification |
| Koha item type | Books |
| Lost status | Source of classification or shelving scheme | Damaged status | Not for loan | Collection code | Permanent Location | Current Location | Shelving location | Date acquired | Source of acquisition | Cost, normal purchase price | Total Checkouts | Full call number | Date last seen | Copy number | Koha item type |
|---|---|---|---|---|---|---|---|---|---|---|---|---|---|---|---|
| Dewey Decimal Classification | Added to bundle | Fiction | Central Library, University of Rajshahi | Central Library, University of Rajshahi | Reading Room | 25/10/1954 | O. U. P. | 2.13 | 824 BOO 1952 | 04/03/2014 | C-1 | Books |